000 00965cab a2200253 4500
001 ABS59920
008 090401t1999 xxu||||| |||| 00| 0 eng d
035 _a(Sirsi) u91024
041 _aeng
100 _aCatalano, A.
245 _aForeign cash is here to stay
260 _c1999
350 _a0
490 _aEstates Gazette
_v(9904) 30 January 1999, 60-62(2)
520 _aAnalyses a report by DTZ Debenham Thorpe "Overseas investment in UK commercial property" which suggests that purchases of property in the UK by foreign investors is still on an upward trend. Includes charts breaking down overseas investors by nationality and location.
650 _aPROPERTY-COMMERCIAL PROPERTY
650 _aDTZ DEBENHAM THORPE
650 _aOVERSEAS INVESTMENT
650 _aPROPERTY COMPANIES
650 _aPROPERTY INVESTMENT
690 _aPROPERTY-COMMERCIAL PROPERTY-COMMERCIAL PROPERTY FINANCE AND INVESTMENT
942 _n0
948 _c02/02/1999
999 _c57756
_d57756